Geography Quiz

Random Geography or City Quiz
Score 0/20 Timer 04:00
5 Plays Today
% Correct
California
94.5%
Kentucky
90.3%
Michigan
87.8%
Texas
85.4%
Virginia
70.5%
Florida
66.4%
Massachusetts
64.2%
Kansas
58.7%
Louisiana
57.2%
Ohio
54.8%
% Correct
Minnesota
42.5%
Colorado
41.3%
Pennsylvania
36.8%
New Jersey
32.2%
Illinois
28.7%
Georgia
28.6%
Missouri
28.6%
Utah
25%
Washington
18.5%
New York
15.3%

You're not logged in!

Compare scores with friends on all Sporcle quizzes.
OR
Log In

Sporcle TV

Today on Sporcle TV


Watch our educational content, quiz creation guides, and fun videos on Sporcle TV.

Show Comments

Extras

Top Quizzes Today


Score Distribution

Paid Content

Your Account Isn't Verified!

In order to create a playlist on Sporcle, you need to verify the email address you used during registration. Go to your Sporcle Settings to finish the process.

Report this User

Report this user for behavior that violates our Community Guidelines.

Details: